METHODS OF TEACHING (Record no. 12263)

MARC details
000 -LEADER
fixed length control field 00287nam a22001337a 4500
003 - CONTROL NUMBER IDENTIFIER
control field SGT
082 ## - DEWEY DECIMAL CLASSIFICATION NUMBER
Classification number 370
Item number M14K
100 ## - MAIN ENTRY--PERSONAL NAME
Personal name KUMAR, R.K.
245 ## - TITLE STATEMENT
Title METHODS OF TEACHING
260 ## - PUBLICATION, DISTRIBUTION, ETC. (IMPRINT)
Place of publication, distribution, etc NEW DELHI
Name of publisher, distributor, etc KHEL SAHITYA KENDRA
Year of Publication 2014
300 ## - PAGE DESCRIPTION
No. of Pages 293
650 ## - SUBJECT ADDED ENTRY--TOPICAL TERM
Topical term or geographic name as entry element EDUCATION
942 ## - ADDED ENTRY ELEMENTS (KOHA)
Source of classification or shelving scheme Dewey Decimal Classification
Koha item type Books
942 ## - ADDED ENTRY ELEMENTS (KOHA)
-- 1
Holdings
Withdrawn status Lost status Source of classification or shelving scheme Damaged status Not for loan Collection code Home library Current library Shelving location Date acquired Vendor Name Cost, normal purchase price SGTU Bill Number Total Checkouts Full call number Accession No. (Barcode) Date last seen Date last borrowed Bill Date Koha item type
    Dewey Decimal Classification     EDUCATION SGT Engineering Library SGT Engineering Library Text Book 07/07/2017 INDIAN PUB 350.00 SGTU 101/102 2 370 M14K ED2421 13/05/2022 10/05/2022 22/11/2016 Books
    Dewey Decimal Classification     EDUCATION SGT Engineering Library SGT Engineering Library Text Book 07/07/2017 INDIAN PUB 350.00 SGTU 101/102   370 M14K ED2422 07/07/2017   22/11/2016 Books